01072cam a2200265 a 450000100100000000500170001000800410002702000150006804000250008308200180010810000400012624501160016625000110028226000360029330000210032949000490035059000260039965000270042565000310045270000280048370000330051183000560054495201890060099900170078900003581520200930074632.0900316s1968 ag 001 0 spa  a8427606702 aDO-SdBNPbspacBNPHU aA863.2bM351a1 aMármol, José,d1818-1871.9548010aAmalia /cestudio preliminar y notas de Alfredo Veirave ; nueva edición dirigida por María Hortensia Lacau. a2a ed. aBuenos Aire :bKapelusz,c1968. a372 p. ;c17 cm.1 aGrandes obras de la literatura universalv41 aInventariado, 2019/VM 4aNovela argentina93941 4aLiteratura argentina9386012aVeirave, Alfredo96177012aLacau, Hortensiaeed.961771 0aGrandes obras de la literatura universaln41961772 001050718MOaGRbGRcHDd2011-11-14iLF1l0oA863.2 M351ap35815-10r2020-06-25w2020-06-25y1zPerteneció a la biblioteca personal de Juan Isidro Jimenes Grullón.ZNo se presta c35306d35306